000 00445nam a2200145Ia 4500
008 151213s9999 xx 000 0 und d
100 _aআল মাহমুদ।
245 _aএক চক্ষ হরিণ।
_cআল মাহমুদ।
260 _aঢাকা।
_bশিল্পতরু।
_c1992
300 _a8664 p.
650 _aBangla
650 _aগল্প।
700 _aআল মাহমুদ।
999 _c4450
_d4450